02695nkc a2200349za 450000100060000000300040000600500170001000700070002700800410003404000240007510000330009924500540013226000240018630001000021050002780031050001930058850000650078150001340084650001690098050400520114950500510120151001510125251002100140351002900161356101300190361000460203365100190207965500320209870000530213085200120218385601500219584719OSt20260410101757.0kh boc250410s19101911sp ||||| ||||||0| i|spa d aM-RABAbspacM-RABA1 aElorza, Lorenzod(1861-1931)10aZuazo de Álavab: Puerta de la Iglesiac/ L. E. c[ca. 1910 – 1911] a1 fotografíab: gelatina de plata c; imagen 12 x 17 cm c; soporte secundario 21,5 x 26,5 cm aVista de la portada de la iglesia parroquial de Zuazo de Álava, compuesta por un arco de medio punto y dos arquivoltas baquetonadas, apoyadas en línea de imposta lisa sobre dos pares de columnas de fuste liso y capitel decorado. Un niño figura sentado en la entrada.  aFotografía montada sobre soporte secundario de cartulina azul enmarcada con orla en relieve. Título y numeración manuscrita que hace referencia a la posición en la serie “164”. aSello con monograma del fotógrafo en tinta roja “L.E.” aFechas tomadas de la ejecución del positivo de las fotografías, incluido el soporte secundario. (Soto Madrazo, Javier. 2008). aForma parte de un conjunto de 167 fotografías empleadas por Federico Baráibar Zumárraga para la elaboración del Inventario del Románico en Álava (1911). aBaraibar, F.: "Rincones artísticos", M. 1914. aZuazo de Alava.- Puerta de la Iglesia. / L. E. aDescripción tomada de: Soto Madrazo, Javier (2008). Federico Baraibar y el Inventario del Románico en Álava: una caja con 167 fotografías. aEsta colección fue utilizada posteriormente por Cristóbal de Castro para la elaboración y publicación del "Catálogo Monumental de España: provincia de Álava", Madrid, S. de Rivadeneira, 1915. aUbicación tomada de: Garagalza de la Heras, Mª Paz (2011). "Zuazo de Vitoria. Iglesia de San Esteban" en Enciclopedia del románico en el País Vasco; Aguilar de Campoo : Fundación Santa María la Real, centro de estudios del románico, 2011. pp.1655-1656. (Disponible online) aDonadas junto con la memoria manuscrita a la Academia por el mismo Baraibar (Sesión 12 de febrero de 1912, Archivo: 4-32-1)24aIglesia de San Esteban (Zuazo de Álava) 7aÁlava2embne 0aFotografías de monumentos1 aBaráibar y Zumárraga, Federico d(1851-1918) jFot-273 3Fot-273uhttps://archivoybiblioteca.realacademiabellasartessanfernando.com/cgi-bin/koha/opac-retrieve-file.pl?id=a83d7b96ac8971bc73b757599d68b32f